000
00276nam a2200109Ia 4500
008
190906s9999||||xx |||||||||||||| ||und||
100
_a
Thomas A.Powell
245
4
_a
The Complete Reference HTML
260
_a
Karachi
_b
Jahangir Book Depot
_c
2001
300
_a
1208
942
_c
BK
999
_c
5952
_d
5952